| 000 | 00514nam a2200181Ia 4500 | ||
|---|---|---|---|
| 008 | 090124s9999 xx 000 0 und d | ||
| 082 |
_b26106 _a2719 |
||
| 100 | _aखरे सुरेश. | ||
| 245 | _a अखेर तू येशीलच | ||
| 250 | _a1 | ||
| 260 | _c1989 | ||
| 300 | _a59 | ||
| 600 | _aखरे सुरेश. | ||
| 630 | _a अखेर तू येशीलच | ||
| 700 | _aखरे सुरेश. | ||
| 730 | _a अखेर तू येशीलच | ||
| 942 | _cBOOK | ||
| 999 |
_c139589 _d139589 |
||